000 00460nam a22001217a 4500
082 _a220 PRO
100 _aNC Usman Ali Khan NC Saman Khan NC M. Areeb Usman GC Mohsin Ali
_972000
245 _aPR-SOF-1692-DESIGN AND DEVELOPMENT OF UPPER LIMB PROSTHESIS WITH EMBEDDED CONTROL
260 _aISLAMABAD
_bNUST COLLEGE OF EME
_c2018
650 _aDE-MTS-36
700 _aSupervised by Dr. Umar Shahbaz Khan Dr. Mohsin Tiwana Col. Nasir Rashid
_972001
942 _cCR
999 _c578230
_d578230